书目信息 |
| 题名: |
装配式建筑技术手册
|
|
| 作者: | 刘大威, 主编 ;江苏省住房和城乡建设厅 , 江苏省住房和城乡建设厅 编著 | |
| 分册: | 混凝土结构分册 | |
| 出版信息: | 北京 中国建筑工业出版社 2021.05 |
|
| 页数: | 15, 355页 | |
| 开本: | 26cm | |
| 丛书名: | ||
| 单 册: | ||
| 中图分类: | TU3-62 , TU755-62 | |
| 科图分类: | ||
| 主题词: | 装配式构件--zhuang pei shi gou jian--技术手册 , 装配式混凝土结构--zhuang pei shi hun ning tu jie gou--混凝土施工--技术手册 | |
| 电子资源: | ||
| ISBN: | 978-7-112-25945-8 | |
| 000 | 01720nam 2200313 450 | |
| 001 | 202021194781 | |
| 005 | 20211025120147.0 | |
| 010 | @a978-7-112-25945-8@dCNY70.00 | |
| 100 | @a20211005d2021 em y0chiy50 ea | |
| 101 | 0 | @achi |
| 102 | @aCN@b110000 | |
| 105 | @aa a 000yy | |
| 106 | @ar | |
| 200 | 1 | @a装配式建筑技术手册@Azhuang pei shi jian zhu ji shu shou ce@i混凝土结构分册@i施工篇@f江苏省住房和城乡建设厅, 江苏省住房和城乡建设厅科技发展中心编著 |
| 210 | @a北京@c中国建筑工业出版社@d2021.05 | |
| 215 | @a15, 355页@c图@d26cm | |
| 314 | @a书内题: 刘大威主编 | |
| 320 | @a有书目 (第352-355页) | |
| 330 | @a本书共分“设计篇”“生产篇”“施工篇”及“BIM篇”四个分篇。“设计篇”梳理了装配式混凝土建筑一体化设计方面的理念、流程和经验做法 ; “生产篇”针对预制混凝土构件、加气混凝土墙板、陶粒混凝土墙板等主要预制构件产品, 提出了科学合理的构件生产工艺工法与质量控制措施 ; “施工篇”总结了较为成熟的装配式混凝土建筑施工策划、施工方案及施工工艺, 提出了施工策划、施工方案、施工安全等方面的重点控制要点 ; “BIM篇”创新引入了层级化系统表格的表达方式, 归纳总结了装配式建筑BIM技术应用的理念和方法。 | |
| 517 | 1 | @a混凝土结构分册@Ahun ning tu jie gou fen ce |
| 606 | 0 | @a装配式构件@Azhuang pei shi gou jian@j技术手册 |
| 606 | 0 | @a装配式混凝土结构@Azhuang pei shi hun ning tu jie gou@x混凝土施工@j技术手册 |
| 690 | @aTU3-62@v5 | |
| 690 | @aTU755-62@v5 | |
| 701 | 0 | @a刘大威,@Aliu da wei@f1962.4-@4主编 |
| 712 | 02 | @a江苏省住房和城乡建设厅@Ajiang su sheng zhu fang he cheng xiang jian she ting@4编著 |
| 712 | 02 | @a江苏省住房和城乡建设厅@Ajiang su sheng zhu fang he cheng xiang jian she ting@b科技发展中心@Bke ji fa zhan zhong xin@4编著 |
| 801 | 0 | @aCN@c20210909 |
| 905 | @a河南城建学院图书馆@dTU3-62@eL607 | |
| 装配式建筑技术手册.混凝土结构分册.施工篇/江苏省住房和城乡建设厅, 江苏省住房和城乡建设厅科技发展中心编著.-北京:中国建筑工业出版社,2021.05 |
| 15, 355页:图;26cm |
| ISBN 978-7-112-25945-8:CNY70.00 |
| 本书共分“设计篇”“生产篇”“施工篇”及“BIM篇”四个分篇。“设计篇”梳理了装配式混凝土建筑一体化设计方面的理念、流程和经验做法 ; “生产篇”针对预制混凝土构件、加气混凝土墙板、陶粒混凝土墙板等主要预制构件产品, 提出了科学合理的构件生产工艺工法与质量控制措施 ; “施工篇”总结了较为成熟的装配式混凝土建筑施工策划、施工方案及施工工艺, 提出了施工策划、施工方案、施工安全等方面的重点控制要点 ; “BIM篇”创新引入了层级化系统表格的表达方式, 归纳总结了装配式建筑BIM技术应用的理念和方法。 |
| ● |
| 相关链接 |
|
|
|
正题名:装配式建筑技术手册
索取号:TU3-62/L607
 
预约/预借
| 序号 | 登录号 | 条形码 | 馆藏地/架位号 | 状态 | 备注 |
| 1 | 1544089 | 215440896 | 建筑库101/101建筑库 76排3列4层/ [索取号:TU3-62/L607] | 在馆 | |
| 2 | 1544090 | 215440903 | 建筑库101/101建筑库 76排3列4层/ [索取号:TU3-62/L607] | 在馆 |